Environmental guidelines for settlements planning and management. (Record no. 13684)
[ view plain ]
| 000 -LEADER | |
|---|---|
| fixed length control field | 01702cam a2200361 a 4500 |
| 001 - CONTROL NUMBER | |
| control field | 1104732 |
| 003 - CONTROL NUMBER IDENTIFIER | |
| control field | 000 |
| 005 - DATE AND TIME OF LATEST TRANSACTION | |
| control field | 20170724111735.0 |
| 007 - PHYSICAL DESCRIPTION FIXED FIELD--GENERAL INFORMATION | |
| fixed length control field | 000 |
| 008 - FIXED-LENGTH DATA ELEMENTS--GENERAL INFORMATION | |
| fixed length control field | 921102s1987 ke ab bf i000 0 eng |
| 010 ## - LIBRARY OF CONGRESS CONTROL NUMBER | |
| LC control number | 92981345 |
| 020 ## - INTERNATIONAL STANDARD BOOK NUMBER | |
| International Standard Book Number | 928071158X (v. 1) |
| International Standard Book Number | 9280711598 (v. 2) |
| International Standard Book Number | 9280711601 (v. 3) |
| 040 ## - CATALOGING SOURCE | |
| Original cataloging agency | UOEL |
| Transcribing agency | DLC |
| Modifying agency | DLC |
| 050 00 - LIBRARY OF CONGRESS CALL NUMBER | |
| Classification number | GF101 |
| Item number | .U5 Vol.1 |
| 082 00 - DEWEY DECIMAL CLASSIFICATION NUMBER | |
| Classification number | 333.7/17 |
| Edition number | 20 |
| 245 00 - TITLE STATEMENT | |
| Title | Environmental guidelines for settlements planning and management. |
| 260 ## - PUBLICATION, DISTRIBUTION, ETC. (IMPRINT) | |
| Place of publication, distribution, etc. | Nairobi, Kenya : |
| Name of publisher, distributor, etc. | United Nations Environment Programme : |
| -- | United Nations Centre for Human Settlements (Habitat), |
| Date of publication, distribution, etc. | c1987. |
| 300 ## - PHYSICAL DESCRIPTION | |
| Extent | 3 v. : |
| Other physical details | ill., maps ; |
| Dimensions | 30 cm. |
| 504 ## - BIBLIOGRAPHY, ETC. NOTE | |
| Bibliography, etc | Includes bibliographical references. |
| 505 1# - FORMATTED CONTENTS NOTE | |
| Formatted contents note | v. 1. Institutionalizing environmental planning and management for settlements development -- v. 2. Environmental considerations in metropolitan planning and management (MPM) -- v. 3. Environmental considerations in regional planning and management (RPM). |
| 610 20 - SUBJECT ADDED ENTRY--CORPORATE NAME | |
| Corporate name or jurisdiction name as entry element | United Nations Environment Programme. |
| Corporate name or jurisdiction name as entry element | United Nations Centre for Human Settlements. |
| 650 #0 - SUBJECT ADDED ENTRY--TOPICAL TERM | |
| Topical term or geographic name as entry element | Environmental policy |
| General subdivision | Handbooks, manuals, etc. |
| Topical term or geographic name as entry element | Human settlements |
| General subdivision | Handbooks, manuals, etc. |
| Topical term or geographic name as entry element | Human ecology |
| General subdivision | Handbooks, manuals, etc. |
| 710 2# - ADDED ENTRY--CORPORATE NAME | |
| Corporate name or jurisdiction name as entry element | United Nations Environment Programme. |
| Corporate name or jurisdiction name as entry element | United Nations Centre for Human Settlements. |
| 906 ## - LOCAL DATA ELEMENT F, LDF (RLIN) | |
| a | 7 |
| b | cbu |
| c | orignew |
| d | 2 |
| e | ncip |
| f | 19 |
| g | y-gencatlg |
| 942 ## - ADDED ENTRY ELEMENTS (KOHA) | |
| Source of classification or shelving scheme | Library of Congress Classification |
| Koha item type | SES Book |
| Withdrawn status | Lost status | Source of classification or shelving scheme | Damaged status | Not for loan | Home library | Current library | Shelving location | Date acquired | Total Checkouts | Full call number | Barcode | Date last seen | Copy number | Price effective from | Koha item type |
|---|---|---|---|---|---|---|---|---|---|---|---|---|---|---|---|
| Library of Congress Classification | UOE Main Library | UOE Main Library | Open shelf | 20/07/2017 | GF101 .U5 Vol.1 | 10067202 | 27/04/2026 | 10067202 | 20/07/2017 | SES Book | |||||
| Library of Congress Classification | UOE Main Library | UOE Main Library | Open shelf | 20/07/2017 | GF101 .U5 Vol.1 | 10067210 | 27/04/2026 | 10067210 | 20/07/2017 | SES Book | |||||
| Library of Congress Classification | UOE Main Library | UOE Main Library | Open shelf | 20/07/2017 | GF101 .U5 Vol.1 | 20013421 | 27/04/2026 | 20013421 | 20/07/2017 | SES Book | |||||
| Library of Congress Classification | UOE Main Library | UOE Main Library | Open shelf | 20/07/2017 | GF101 .U5 Vol.1 | 20013420 | 27/04/2026 | 20013420 | 20/07/2017 | SES Book | |||||
| Library of Congress Classification | UOE Main Library | UOE Main Library | Open shelf | 24/07/2017 | GF101 .U5 Vol.1 | 10067209 | 27/04/2026 | 10067209 | 24/07/2017 | SES Book | |||||
| Library of Congress Classification | UOE Main Library | UOE Main Library | Open shelf | 22/08/2017 | GF101 .U5 Vol.1 | 20013427 | 27/04/2026 | 20013427 | 22/08/2017 | SES Book |
